Những mẫu chuyện lịch sử thế giới. Tập 1

Enregistré dans:
Détails bibliographiques
Format: Livre
Langue:Vietnamese
Publié: Giáo Dục 1998
Sujets:
Tags: Ajouter un tag
Pas de tags, Soyez le premier à ajouter un tag!
Thư viện lưu trữ: Mạng thư viện Đại học Đà Nẵng
LEADER 01013nam a2200301 a 4500
001 000003798
003 04206
005 20171229145311.0
008 171229s1998 vie
040 |a LSK 
041 0 |a VIE 
082 0 |a 909  |b ĐĂ-A 
245 0 0 |a Những mẫu chuyện lịch sử thế giới. Tập 1  |c Đặng Đức An chủ biên; Đặng Thanh Tịnh, Lại Bích Ngọc 
260 |b Giáo Dục  |c 1998 
300 |a 295 pages  |c 19 cm. 
653 |a Lịch sử - Thế giới 
852 |a Phòng Đọc 
901 |a 2 
927 |a Sách tham khảo 
OWN |a LSK 
AVA |a UDN50  |b LSK  |d 909 ĐĂ-A  |e available  |t Error 5001 Not defined in file expand_doc_bib_avail.  |f 2  |g 0  |h N  |i 0  |k 1 
999 |a From the UDN01 
AVA |a UDN50  |b LSK  |d 909 ĐĂ-A  |e available  |t Error 5001 Not defined in file expand_doc_bib_avail.  |f 2  |g 0  |h N  |i 0  |k 1 
TYP |a Monograph 
TYP |a Printed language 
980 |a Mạng thư viện Đại học Đà Nẵng